Types of iPods - Statistics

General Stats
  • This quiz has been taken 86 times
  • The average score is 4 of 5
Answer Stats
Year Type % Correct
2007 iPod Touch
95%
2005 iPod Nano
87%
2005 iPod Shuffle
81%
2001 iPod Classic
65%
2004 iPod Mini
47%
No matching quizzes found
Score Distribution
Percent of People with Each Score
Percentile by Number Answered
Your Score History
You have not taken this quiz